| 000 | 00422nam a2200157Ia 4500 | ||
|---|---|---|---|
| 008 | 230312s9999||||xx |||||||||||||| ||und|| | ||
| 020 | _a81-203-2875-2-1 | ||
| 082 |
_a338.5 _bKOU |
||
| 100 | _aKoutsoyiannis, A | ||
| 245 | 0 | _aModern Microeconomics | |
| 260 |
_bEnglish Language Book Society _aLondon _c1998 |
||
| 300 | _a581 | ||
| 546 | _aEng. | ||
| 650 |
_aEconomics _vTheory of Demand, Theory of Procuction |
||
| 942 | _cBK | ||
| 999 |
_c2195 _d2195 |
||